Top 10 Countries By Population - Statistics

General Stats
  • This quiz has been taken 17 times
  • The average score is 9 of 10
Answer Stats
Hint Answer % Correct
1.4B China
100%
1.3B India
100%
332M USA
100%
146M Russia
94%
213M Brazil
88%
211M Nigeria
88%
225M Pakistan
88%
171M Bangladesh
81%
271M Indonesia
81%
126M Japan
81%
No matching quizzes found
Score Distribution
Percent of People with Each Score
Percentile by Number Answered
Your Score History
You have not taken this quiz